| 000 | 05522nam a2200289 a 4500 | ||
|---|---|---|---|
| 001 | 000000105 | ||
| 003 | DO-SdBNP | ||
| 005 | 20221027110606.0 | ||
| 008 | 081218s2008 dr r 001 0 spa d | ||
| 020 | _a9789945162656 | ||
| 040 |
_aDO-SdBNP _bspa _cBPMSU |
||
| 082 |
_aRD861.08 _bC581n 2008 _222 |
||
| 245 | 0 | 3 |
_aLa ciudad en nosotros : _b[la ciudad en la poesía dominicana] antología / _cselección, notas y prólogo Soledad Álvarez. |
| 260 |
_aSanto Domingo : _bSecretaría de Estado de Cultura, _c2008. |
||
| 300 |
_a258 p. ; _c23 cm. |
||
| 504 | _aBibliografía : 257-258 | ||
| 505 | 0 |
_tPresentación -- _tAdvertencia -- _tLa ciudad en la poesía dominicana -- _rJosé Joaquín Pérez / _tLa vuelta al hogar -- _rSalomé Ureña / _tRuinas -- _tEnrique Henríquez / _tNever more -- _rGastón Fernando Deligne / _tIncendio -- _rVigil Díaz / _tRapsodia -- _rVíctor Garrido / _tEl obelisco de Ciudad Trujillo ; _tPaz -- _rPedro Mir / _tPoema del llanto trigueño -- _rAntonio Fernández Spencer / _tCiudad de los escribas -- _rFreddy Gatón Arce / _tEstos días de tíbar (fragmento) ; _tLa mella -- _rManuel Rueda / _tSanto Domingo es esto -- _rVíctor Villegas / _tAhora es la hora -- _rRafael Valera Benítez / _tCantata número cinco -- _rRamón Francisco / _tLos techos -- _rJuan Sánchez Lamouth / _tRomance al río Ozama ; _tCiudad extraña con un canto elemental a sus germinaciones -- _rLupo Hernández Rueda / _tUna ciudad duerme ; _tHoy he vuelto a San Carlos ; _tSan Carlos no es San Carlos ; _tRebosa la ciudad su compostura -- _rAbelardo Vicioso / _tCanto a Santo Domingo vertical ; _tCanto de amor a la ciudad herida _tArgumento de la sangre I -- _rMáximo Avilés Blonda / _tCuadernos de la infancia (fragmento) -- _rLuis Alfredo Torres / _tDesconocida soledad ; _tLos edificios grises ; _tDesde el automvil ; _tCiudad cerrada -- _rRené Del Risco Bermúdez / _tEl diario caminar ; _tEn la ciudad ; _tEsta ciudad ; _tNo era esta ciudad -- _rRafael Añez Bergés / _tLa ciudad en nosotros (fragmento) 3 ; _tLa ciudad en nosotros (fragmento) 9 -- _rMiguel Alfonseca / _tParque Hostos -- _rJeannette Miller / _tJeannette ; _tLos ángeles son propicios a las cuatro -- _rFederico Jóvine Bermúdez / _tEsta ciudad -- _rNorberto James Rawlings / _tTu ciudad ; _tOzama -- |
|
| 505 | 0 |
_rEnriquillo Sánchez / _tPor la cumbancha de Maguita (fragmento) ; _tGüibia después de incendios y decenios -- _rJuan Carlos Mieses / _tLas damas ; _tCiudad de siempre ; _tSanto Domingo -- _rMateo Morrison / _tCiudad colonial amor ; _tLa ciudad no perdona el desafío de sus luces ; _tVisiones (fragmentos) -- _rJosé Enrique García / _tEl fabulador (parte final) -- _rEdgardo Hernández Mejía / _tMi Santo Domingo viejo -- _rEnrique Eusebio / _tCiudad: cárcel del mundo ; _tCiudades ; _tCiudad ; _tDesde la presencia del mar...(fragmento) -- _rSherezada (Chiqui) Vicioso / _tCarta -- _rJosé Rafael Lantigua / _tCiudad I ; _tCiudad II -- _rMiguel Aníbal Perdomo / _tCiudad cerrada ; _tSuburbio oeste -- _rAlexis Gómez Rosa / _tEn la calle ; _tLa atarazana ; _tLa búsqueda ; _tUrbano corazón -- _rSoledad Álvarez / _tTodo incluido ; _tPaisaje -- _rJosé Molinaza / _tCrepúsculo sur (fragmento) -- _rTony Raful / _tCalle El Conde ; _tRitual onírico de la ciudad (fragmento) -- _rRadhamés Reyes Vásquez / _tCiuda inhabitable -- _rRafael García Bid / _tCiudades -- _rPedro Pablo Fernández / _tMultitud y otros materiales -- _rÁngela Hernández / _tVeintisiete de febrero -- _rArmando Almánzar Botello / _tCiudad _rCsar Zapata / _tCiudad pensada (fragmentos). Uno ; _tCiudad pensada (fragmentos). Doce ; _tCiudad pensada (fragmentos). Quince -- _rToms Castro Burdiez / _tMs que alma en pena ; _tEl conde _rDionisio de Jess / _tLa morena de Villa Consuelo ; _tMemoria del que atrapa sombras ; _tLa ciudad -- _rPlinio Chahn / _tEl pabelln insomne -- _rJos Marml / _tPoema 24 al Ozama: Acuarela ; _tDibujo ; _tPuntillismo ; _tEs un bolero todo _rAmable Lpez Melndez / _tCalle El Conde -- _rMartha Rivera / _tNo -- _rMiguel D. Mena / _tSin lugar a dudas ; _tTransparencias vespertinas -- _rLen Flix Batista / _tUna tarde me fui hacia extraa nacin _tBella, la bestia y yo -- _rFernando Cabrera / _tIV. De polvo hemos hecho (fragmento) -- _rNan Chevalier / _tLas formas que retornan |
|
| 505 | 0 |
_rCésar Zapata / _tCiudad pensada (fragmentos). Uno ; _tCiudad pensada (fragmentos). Doce ; _tCiudad pensada (fragmentos). Quince -- _rTomás Castro Burdiez / _tMás que alma en pena ; _tEl conde _rDionisio de Jesús / _tLa morena de Villa Consuelo ; _tMemoria del que atrapa sombras ; _tLa ciudad -- _rPlinio Chahín / _tEl pabellón insomne -- _rJosé Mármol / _tPoema 24 al Ozama: Acuarela ; _tDibujo ; _tPuntillismo ; _tEs un bolero todo _rAmable López Meléndez / _tCalle El Conde -- _rMartha Rivera / _tNo -- _rMiguel D. Mena / _tSin lugar a dudas ; _tTransparencias vespertinas -- _rLeón Félix Batista / _tUna tarde me fui hacia extraña nación _tBella, la bestia y yo -- _rFernando Cabrera / _tIV. De polvo hemos hecho (fragmento) -- _rNan Chevalier / _tLas formas que retornan _rBasilio Belliard / _tLa ciudad en prosa ; _tCiudad invernal ; _tCiudad -- _rAdrián Javier / _tBolero del esquizo. (Trece) ; _tMapa de Santo Domingo ; _tErótica de lo invisible ; _tLa ciudad -- _rHomero Pumarol / _tLa República ; _tComposición 9 ; _tComposición 16 -- _tAntologías consultadas. |
|
| 590 | _aInventariado, 2022/VM | ||
| 650 | 4 |
_aPoesía dominicana _xColecciones |
|
| 650 | 4 |
_aLiteratura dominicana _xColecciones |
|
| 700 |
_aÁlvarez, Soledad, _d1950- _epról. |
||
| 710 | 2 | _aSecretaría de Estado de Cultura (República Dominicana) | |
| 910 | _aVMateo V./Validado | ||
| 942 |
_2ddc _cBK |
||
| 999 |
_c14132 _d14132 |
||